000 00968camaa2200325Mu 4500
001 101039
005 20230410143140.0
008 020604s2001 sp 000 0 spa d
035 _a(OCoLC)ocn434403467
040 _aBNM
_erdc
_bspa
_cBNM
_dESUDE
016 7 _abimoBNE20020412276
_2SpMaBN
017 _aM 54155-2001
020 _a8495379376
020 _a9788495379375
035 _a(OCoLC)434403467
080 _a338.45(460)"18/19":655.4
049 _aGRAL
050 1 4 _abH673 2001
245 1 0 _aHistoria de la edición en España (1836-1936)
_h[Texto impreso]
_cJesús A. Martínez Martín (dir.).
250 _a1a. ed.
260 _aMadrid
_bMarcial Pons, Historia
_c2001.
300 _a527 p.
_c23 cm.
504 _aBibliografía: p. [485]-508.
650 7 _aEdición
_zEspaña
_yS.XIX-
_2embne
650 0 4 _aEdición
_zEspaña
_y1836-1936.
700 1 _aMartí́nez Martín, Jesús A.
942 _2lcc
_cbk
946 _aMAT
994 _aC0
_bDRFGD
999 _c96605
_d96605